000 00364nam a22001457a 4500
999 _c193507
_d193507
008 221101b ||||| |||| 00| 0 eng d
082 _a921-MAN
100 _aMANSINGH,JASJIT
245 _aOONA
_hENGLISH
260 _aNEW DELHI
_bA.I.C.B
_cROHINI
270 _aA.IC.B,ROHINI NEW DELHI
300 _a.
_b.
_c12X13
490 _v1-2
942 _2ddc
_cBRLEN
_k921
_mMAN